01582nam a2200433 i 450000100060000000300080000600500170001400600190003100700150005000800410006502000270010602000180013303500230015103500240017403500250019803500210022304000310024405000180027508000060029308200120029910000330031124501250034426400640046930000410053333600310057433700330060533800430063849000360068150000220071750400290073958801270076865000280089565000310092365000330095465000350098765500270102283000370104985600620108623434FlNmELB20241216214103.0m o d | cr cnu||||||||170124s2016 mx ob 001 0 spa d a9786071636171 (e-book) z9789681675646 a(MiAaPQ)EBC4760037 a(Au-PeEL)EBL4760037 a(CaPaEBR)ebr11312020 a(OCoLC)984805931 aFINmELBbspaerdacFINmELB 4aT14bQ78 2016 a10 a6012231 aQuintanilla, Miguel Ángel.10aTecnología :bun enfoque filosófico y otros ensayos de filosofía de la tecnología /cMiguel Ángel Quintanilla. 1aMéxico D.F. :bFCE - Fondo de Cultura Económica,c2016. a1 recurso en línea (295 páginas) atextobtxt2rdacontent/spa acomputadorabc2rdamedia/spa arecurso en líneabcr2rdacarrier/spa1 aCiencia, tecnología, sociedad aIncluye índice. aContiene bibliografía. aDescripción basada en recurso en línea; Título de la página del título en PDF (e-libro, visto January 24, 2017). 0aTechnologyxPhilosophy. 4aTecnologíaxFilosofía. 0aTechnology and civilization. 4aTecnología y civilización. 4aLibros electrónicos. 0aCiencia, tecnología, sociedad.40uhttps://elibro.net/ereader/politecnicointernacional/37768